|
|
|
|
| LEADER |
00000ckm a2200000 a 4500 |
| 001 |
vtls001395727 |
| 003 |
SK-MaSNL |
| 005 |
20260331204554.0 |
| 007 |
kf co |
| 008 |
231120s1981 xo g 0kuslo |
| 015 |
|
|
|a SNBG1981
|
| 035 |
|
|
|a SNK000350093
|
| 035 |
|
|
|a urn:nbn:sk:snk-km3luzt
|
| 035 |
|
|
|a 02FB0731-E867-48DC-A5F6-F65B91C0D9D7
|
| 035 |
|
|
|a urn:nbn:sk:snk-km00dsx7
|
| 040 |
|
|
|a SNK
|b slo
|c SNK
|e AACR2
|
| 041 |
0 |
|
|a slo
|
| 043 |
|
|
|a e-xo---
|
| 044 |
|
|
|a xo
|c SK
|
| 072 |
|
7 |
|a 908(437)
|x Vlastiveda Česka a Slovenska
|2 konspekt
|
| 080 |
|
|
|a 908(437.6)
|2 2011
|
| 080 |
|
|
|a (084.121)
|2 2011
|
| 080 |
|
|
|a 779
|2 1981
|
| 080 |
|
|
|a 551
|2 2011
|
| 080 |
|
|
|a 551.435.14(282.3)
|2 2011
|
| 100 |
1 |
|
|a Jiroušek, Alexander,
|d 1934-2021
|4 pht
|9 223957
|
| 245 |
1 |
0 |
|a Slovenský raj
|h grafika
|b vodopád v tiesňave Piecky : Okienkový vodopád v tiesňave Suchá Belá : Misové vodopády v Suchej Belej
|c foto: A. Jiroušek, M. Husár, M. Tesár ; výtvarný návrh: M. Menclová
|
| 246 |
1 |
|
|i Názov na obrazovej časti:
|a Slovenský raj
|
| 260 |
|
|
|a Bratislava
|b ČSTK-Pressfoto
|c 1981
|e Skalica
|f Grafobal
|
| 300 |
|
|
|c 1 pohľadnica (3 čiastkové pohľady)
|b farebná
|c 15 x 11 cm
|
| 520 |
8 |
|
|a Zobrazenie: Na striebornom podklade v bielom orámovaní pohľady na vodopády, rebríky a lávku v tiesňavách Slovenského raja. Nad názvom je umiestený znak Národného parku Slovenský raj
|
| 650 |
0 |
7 |
|a vodopády
|2 SNKPH
|9 55574
|
| 650 |
0 |
7 |
|a tiesňavy
|2 SNKPH
|9 59063
|
| 651 |
|
7 |
|a Slovenský raj (Slovensko : pohorie)
|2 SNKPHgeo
|9 65478
|
| 651 |
|
7 |
|a Piecky (Slovenský raj, Slovensko)
|2 SNKPHgeo
|9 59077
|
| 651 |
|
7 |
|a Suchá Belá (Slovensko : tiesňava)
|2 SNKPHgeo
|9 59057
|
| 655 |
|
7 |
|a geografické pohľadnice
|2 SNKPH
|9 70522
|
| 700 |
1 |
|
|a Husár, M.
|4 pht
|9 354451
|
| 700 |
1 |
|
|a Tesár, M.
|c (fotograf)
|4 pht
|9 461686
|
| 700 |
1 |
|
|a Menclová, Milica
|c (grafička)
|4 art
|9 283289
|
| 852 |
|
|
|a Slovenská národná knižnica
|
| 954 |
|
|
|a pohľadnice pôvodné (slovenské)
|2 lita
|
| 958 |
|
|
|a GBN
|
| 958 |
|
|
|a GC
|
| 958 |
|
|
|a OND
|
| 958 |
|
|
|a EUIPO
|
| 999 |
|
|
|c 724058
|d 725988
|
| 952 |
|
|
|t P60, <03>, [BOOK], {603}
|a SNK
|b SNK
|y PREZ
|7 0
|p 17A1296387
|o snkSP 149496
|i snkPV 858/2000
|z Pohľadnica prešla poštou.
|0 0
|1 0
|4 0
|d 2000-09-08
|f 1
|l 0
|r 2005-01-02 00:00:00
|w 2026-02-23
|